Länder, die mit V beginnen - Statistiken

Allgemein
  • Dieses Quiz wurde 37 mal gespielt
  • Das Durchschnittsergebnis liegt bei 6 aus 7
Antwortstatistiken
Antwort % Korrekt
Venezuela
97%
Vatikanstadt
92%
Vereinigtes Königreich
86%
Vietnam
86%
Vanuatu
84%
Vereinigte Staaten
84%
Vereinigte Arabische Emirate
78%
Keine übereinstimmenden Quizze gefunden
Verteilung der Resultate
Anzahl Personen mit jedem Resultat
Perzentil nach korrekt beantworteten Fragen
Ihre Resultats-Entwicklung
Sie haben dieses Quiz noch nicht gespielt